Drivers of Labor Force Participation in Advanced Economies : Macro and Micro Evidence /

Despite significant headwinds from population aging in most advanced economies (AEs), labor force participation rates show remarkably divergent trajectories both across countries and across different groups of workers. Participation increased sharply among prime-age women and, more recently, older w...

Full description

Bibliographic Details
Main Author: Grigoli, Francesco
Other Authors: Koczan, Zsoka, Topalova, Petia
Format: Journal
Language:English
Published: Washington, D.C. : International Monetary Fund, 2018.
Series:IMF Working Papers; Working Paper ; No. 2018/150
Online Access:Full text available on IMF
LEADER 02383cas a2200265 a 4500
001 AALejournalIMF022065
008 230101c9999 xx r poo 0 0eng d
020 |c 5.00 USD 
020 |z 9781484361528 
022 |a 1018-5941 
040 |a BD-DhAAL  |c BD-DhAAL 
100 1 |a Grigoli, Francesco. 
245 1 0 |a Drivers of Labor Force Participation in Advanced Economies :   |b Macro and Micro Evidence /  |c Francesco Grigoli, Zsoka Koczan, Petia Topalova. 
264 1 |a Washington, D.C. :  |b International Monetary Fund,  |c 2018. 
300 |a 1 online resource (40 pages) 
490 1 |a IMF Working Papers 
500 |a <strong>Off-Campus Access:</strong> No User ID or Password Required 
500 |a <strong>On-Campus Access:</strong> No User ID or Password Required 
506 |a Electronic access restricted to authorized BRAC University faculty, staff and students 
520 3 |a Despite significant headwinds from population aging in most advanced economies (AEs), labor force participation rates show remarkably divergent trajectories both across countries and across different groups of workers. Participation increased sharply among prime-age women and, more recently, older workers, but fell among the young and prime-age men. This pa- per investigates the determinants of these trends using aggregate and individual-level data. We find that the bulk of the dramatic increase in the labor force attachment of prime-age women and older workers in the past three decades can be explained by changes in labor mar- ket policies and institutions, structural transformation, and gains in educational attainment. Technological advances such as automation, on the other hand, weighed on the labor supply of prime-age and older workers. In light of the dramatic demographic shifts expected in the coming decades in many AEs, our findings underscore the need to invest in education and training, reform the tax system, reduce early retirement incentives, improve the job-matching process, and help individuals combine family and work life in order to alleviate the pressures from aging on labor supply. 
538 |a Mode of access: Internet 
700 1 |a Koczan, Zsoka. 
700 1 |a Topalova, Petia. 
830 0 |a IMF Working Papers; Working Paper ;  |v No. 2018/150 
856 4 0 |z Full text available on IMF  |u http://elibrary.imf.org/view/journals/001/2018/150/001.2018.issue-150-en.xml  |z IMF e-Library